000 00571nam a2200193Ia 4500
005 20250508160211.0
008 008 250505s9999 xx 000 0 eng d
037 _aBooks to be hide in OPAC
040 _aFEDL
_beng
_cFEDL
041 _aeng
_2eng
084 _a370.973, UNI/O
_qFEDL
100 _aMonahan A C
245 0 _aOrganization of state departments of education
260 _aWashington, USA
_bU.S. Government Printing Office
_c1915
300 _a46p.
546 _aWeeded out
942 _cHB
_h370.973, UNI/O
999 _c1362618
_d1362618